000 00621nam a2200229Ia 4500
003 OSt
005 20220928125142.0
006 a|||||r|||| 00| 0
007 ta
008 220927b |||||||| |||| 00| 0 eng d
024 _a40345
037 _cTextual
040 _aSDCL
_cSDCL
_beng
041 _2eng
_aeng
082 _aV2,3:9'N8, M9
100 _aNuna Sheel C
245 0 _aSpatial fragmentation of political behaviour in India
260 _aNew Delhi
_bConcept Publishing
_c1989
300 _axvii,291p
_ccm.
942 _hV2,3:9'N8, M9
_cTEXL
_2CC
999 _c781153
_d781153